Динамика русловых потоков: учебник для гидрометеорологических вузов и университетов

Bibliografiske detaljer
Hovedforfatter: Гончаров В. Н. Виталий Николаевич
Sprog:russisk
Udgivet: Ленинград, Гидрометеоиздат, 1962
Fag:
Format: Bog
KOHA link:https://koha.lib.tpu.ru/cgi-bin/koha/opac-detail.pl?biblionumber=68540

MARC

LEADER 00000nam0a2200000 4500
001 68540
005 20231031074952.0
035 |a (RuTPU)RU\TPU\book\72990 
090 |a 68540 
100 |a 20041006d1962 m y0rusy50 ca 
101 0 |a rus 
102 |a RU 
105 |a a j 001zy 
200 1 |a Динамика русловых потоков  |e учебник для гидрометеорологических вузов и университетов  |f В. Н. Гончаров 
210 |a Ленинград  |c Гидрометеоиздат  |d 1962 
215 |a 374 с.  |c ил.  |e 1 л. черт. 
320 |a Библиогр.: с. 365. 
610 1 |a русловый поток 
610 1 |a динамика 
610 1 |a гидромеханика 
610 1 |a учебники 
675 |a 532.5(02)  |v 3 
700 1 |a Гончаров  |b В. Н.  |g Виталий Николаевич 
801 1 |a RU  |b 63413507  |c 20041006  |g PSBO 
801 2 |a RU  |b 63413507  |c 20111223  |g PSBO 
942 |c BK